English know how student's book 2

Na minha lista:
Detalhes bibliográficos
Formato: Livro
Tags: Adicionar Tag
Sem tags, seja o primeiro a adicionar uma tag!
Thư viện lưu trữ: Mạng thư viện Đại học Đà Nẵng
LEADER 00424nam a22001691a 4500
001 000038217
003 14512
005 20160412021240.0
008 160412s0 000
082 |a 4A(07)1829 
245 |a English know how student's book 2  |c Angela Blackwell 
OWN |a LNN 
999 |a From the UDN01 
TYP |a Monograph 
980 |a Mạng thư viện Đại học Đà Nẵng